000 02390nam a2200445 c 4500
003 BLK
005 20180420230143.0
008 180409b bul|||||r ||||||| ||bul||
010 _aKNG00107436000
020 _a954-750-008-2
_bиздат.: Алтея
040 _aBLK
041 _aBUL
_cBUL
072 7 _2bullib
_aЛ04
_xЛечебно хранене
080 _aХигиена на храненето с продукти от растителен и минерален произход - Вегетарианство;плодове, зеленчуци, корени, растителни масла, консерви и др.
_b613.26/.27
_x.000.1(092)
_z613.26/.27.000.1(092)
080 _aВегетарианска храна
_b641.564
_x(083.1)
_z641.564(083.1)
080 _aБиографии
_b929
_x(100)
_z929(100)
100 1 _aБери, Рин
_eпърви автор
_9309177
700 1 _aРакъджиева, Мария
_eпрев.
_9115007
139 _aБери, Рин
_bБ 38
245 1 0 _aЗнаменити вегетарианци
_bОт Буда до Бийтълс : Духовно учение, живот, филос. възгледи и техните любими рецепти
_cРин Бери; прев. Мария Ракъджиева.
257 _aUSA
260 София
_bАлтея
_c2003
_fСофия : Миско принт
300 _a215 с.
_bс портр.
_c24 см
380 _a61
490 1 _aПоредица Здраве и живот
500 _aОриг. загл. Famous vegetarians their favorite recipes / Pynn Berry Jr. - Съдържа и Биографични бележки за автора ; Защо Хитлер не е бил вегетарианец ; Защо Нютон, Айнщайн, Едисон и Швайцер не са били вегетарианци. - Офс. изд.
650 4 _aХранене - хигиена
_9244313
650 4 _aВегетарианство - философски проблеми
_9260505
650 4 _aВегетариански ястия - рецепти
_9150452
653 _aвегетарианство
653 _aрецепти
653 _aбиографии
653 _aлечебно хранене
659 _aЛ
852 _aЦб 215698
856 4 _qpdf
_u
856 4 _qpdf
_u
942 _cKNG
_n0
944 _aCR
_c04.08.2003
_kИрена_Линкова
944 _aED
_c15.11.2011
_k
999 _c102370
_d102370